Why do households leave school value added on the table? The roles of information and preferences (Record no. 522870)

000 -LEADER
fixed length control field 01163nam a22001457a 4500
008 - FIXED-LENGTH DATA ELEMENTS--GENERAL INFORMATION
fixed length control field 230609b ||||| |||| 00| 0 eng d
100 ## - MAIN ENTRY--PERSONAL NAME
Personal name Ainsworth, Robert et al
245 ## - TITLE STATEMENT
Title Why do households leave school value added on the table? The roles of information and preferences
260 ## - PUBLICATION, DISTRIBUTION, ETC. (IMPRINT)
Place of publication, distribution, etc The American Economic Review
300 ## - PHYSICAL DESCRIPTION
Extent 113(4), Apr, 2023: p.1049-1082
520 ## - SUMMARY, ETC.
Summary, etc Romanian households could choose schools with one standard deviation worth of additional value added. Why do households leave value added "on the table"? We study two possibilities: (i) information and (ii) preferences for other school traits. In an experiment, we inform randomly selected households about schools' value added. These households choose schools with up to 0.2 standard deviations of additional value added. We then estimate a discrete choice model and show that households have preferences for a variety of school traits. As a result, fully correcting households' beliefs would eliminate at most a quarter of the value added that households leave unexploited.- Reproduced
773 ## - HOST ITEM ENTRY
Main entry heading The American Economic Review
906 ## - LOCAL DATA ELEMENT F, LDF (RLIN)
Subject DIP EDUCATION
942 ## - ADDED ENTRY ELEMENTS (KOHA)
Item type Articles
Holdings
Withdrawn status Lost status Source of classification or shelving scheme Damaged status Not for loan Permanent location Current location Date acquired Serial Enumeration / chronology Barcode Date last seen Koha item type
          Indian Institute of Public Administration Indian Institute of Public Administration 2023-06-09 113(4), Apr, 2023: p.1049-1082 AR128920 2023-06-09 Articles

Powered by Koha